000 00717nam a2200193Ii 4500
003 JO-AjNU
008 230605s9999||||xx |||||||||||||| ||und||
040 _aJO-AjNU
_bara
_erda
_cJO-AjNU
041 _aara
050 1 4 _aLC2410
100 3 _aفريد، زينب محمد,
_eauthor
_935675
245 0 0 _aتعليم المرأة العربية في التراث وفي المجتمعات العربية المعاصرة
264 3 1 _aالقاهرة:مكتبة الأنجلو المصرية
300 _a120ص
336 _atext
_btxt
_2rdacontent
337 _aunmediated
_bn
_2rdamedia
338 _avolume
_bnc
_2rdacarrier
650 4 _aتعليم المرأة العربية-الإسلام والتراث
_935676
999 _aA14751
_c18319
_d18319